[Event "AUTO-OPEN-1164"]
[Site "http://www.queenalice.com/game.php?id=418875"]
[Date "2008.6.17"]
[Round "1"]
[White "QSL"]
[Black "Deep_Sorrow_13"]
[Result "0-1"]
[WhiteElo "1148"]
[BlackElo "1868"]

1. h4 e5 2. Nf3 d5 3. Nxe5 Bc5 4. b3 Bxf2+ 5. Kxf2 Qf6+ 6. Nf3 Qxa1 7. Ba3 Qf6
8. e3 Ne7 9. Bxe7 Qxe7 10. Bb5+ c6 11. Ba4 b5 12. Ng5 bxa4 13. bxa4 Nd7 14. h5
Qxg5 15. Nc3 Ne5 16. d4 Nc4 17. e4 Bg4 18. Qe1 Qf4+ 19. Kg1 O-O 20. Ne2 Qxe4 21.
h6 Rfe8 22. hxg7 Qxe2 23. Qh4 Qe1+ 24. Kh2 Qxh4+ 0-1

[Event "Challenge"]
[Site "http://www.queenalice.com/game.php?id=430925"]
[Date "2008.7.10"]
[Round "-"]
[White "Deep_Sorrow_13"]
[Black "Ditto"]
[Result "1-0"]
[WhiteElo "1867"]
[BlackElo "1711"]

1. e4 e5 2. Nf3 Nc6 3. Bb5 Nf6 4. O-O Bc5 5. c3 O-O 6. Re1 d5 7. exd5 Nxd5 8.
Nxe5 Nxe5 9. Rxe5 c6 10. Bc4 Qf6 11. d4 Bd6 12. Re1 Qg6 13. Qd3 Bf5 14. Qf1 Qh5
15. g3 Nf6 16. Nd2 Rfe8 17. Be2 Qg6 18. Nf3 Qh6 19. Bxh6 gxh6 20. Bd3 Bxd3 21.
Qxd3 Bf8 22. Rxe8 Rxe8 23. Re1 Rd8 24. Nd2 Rd5 25. Ne4 Rf5 26. Nxf6+ Rxf6 27.
Re8 Kg7 28. Rb8 b5 29. Rb7 a5 30. Ra7 c5 31. d5 c4 32. Qd4 a4 33. Ra6 Be7 34. d6
Bd8 35. d7 Kf8 36. Rxf6 Bxf6 37. Qxf6 Kg8 38. d8=Q# 1-0

[Event "Challenge"]
[Site "http://www.queenalice.com/game.php?id=431926"]
[Date "2008.7.12"]
[Round "-"]
[White "Aguinaldo"]
[Black "Deep_Sorrow_13"]
[Result "1-0"]
[WhiteElo "1846"]
[BlackElo "1832"]

1. e4 e5 2. Nf3 Nc6 3. Bb5 a6 4. Bxc6 dxc6 5. d3 Bd6 6. Nc3 Bg4 7. h3 Bh5 8. g4
Bg6 9. Bg5 f6 10. Be3 h5 11. Nh4 Bf7 12. Nf5 g6 13. Nxd6+ cxd6 14. gxh5 Rxh5 15.
Qe2 Qd7 16. Qf3 Be6 17. Qg3 Ne7 18. O-O-O O-O-O 19. Bb6 Rdh8 20. Qf3 Rf8 21. Kb1
Rxh3 22. Rxh3 Bxh3 23. Rh1 Bg4 24. Qg2 Bh5 25. Be3 d5 26. exd5 cxd5 27. Bh6 d4
28. Bxf8 dxc3 29. Bxe7 Qxe7 30. bxc3 Qa3 31. Qd5 Qxc3 32. Qc4+ Qxc4 33. dxc4 Be2
34. Rh8+ Kc7 35. Rf8 f5 36. Rf6 Bh5 37. Kb2 Kd7 38. Rf7+ Kc6 39. Kc3 e4 40. Kd4
Kb6 41. c5+ Kc6 42. Rf6+ Kc7 43. c4 Kd7 44. Kd5 Kc7 45. c6 Bf3 46. Rf7+ Kc8 47.
cxb7+ Kb8 48. Kd4 e3 49. Kxe3 Bxb7 50. Rf6 Be4 51. Rxg6 Bb1 52. Rxa6 Kb7 53. Ra5
Kb6 54. Rb5+ 1-0

[Event "Brasil x Filipinas"]
[Site "http://www.queenalice.com/game.php?id=434505"]
[Date "2008.7.17"]
[Round "-"]
[White "gomestrovao"]
[Black "Deep_Sorrow_13"]
[Result "1-0"]
[WhiteElo "1899"]
[BlackElo "1852"]

1. e4 e5 2. Bc4 Nf6 3. Nc3 Bc5 4. h3 c6 5. Nf3 d5 6. exd5 cxd5 7. Bb3 e4 8. Ne5
Qb6 9. O-O Bd4 10. Ng4 Nxg4 11. hxg4 h5 12. gxh5 Nd7 13. Nxd5 Qd6 14. Nc3 Nf6
15. Nb5 Qe5 16. Nxd4 Rxh5 17. f4 Qxd4+ 18. Rf2 Ng4 19. Qe2 g6 20. c3 Qh8 21.
Qxe4+ Be6 22. g3 Nxf2 23. Kxf2 O-O-O 24. Bxe6+ fxe6 25. Qxe6+ Kb8 26. Qxg6 Rh1
27. d4 Re8 28. f5 Qh2+ 29. Kf3 Qe2+ 30. Kf4 Re4+ 31. Kg5 Rg4+ 32. Kf6 Rxg6+ 33.
Kxg6 Qc2 34. Bf4+ Kc8 35. Rxh1 Qxb2 36. f6 1-0

[Event "Challenge"]
[Site "http://www.queenalice.com/game.php?id=434872"]
[Date "2008.7.17"]
[Round "-"]
[White "sunking"]
[Black "Deep_Sorrow_13"]
[Result "1-0"]
[WhiteElo "1791"]
[BlackElo "1879"]

1. e4 e5 2. Nf3 Nc6 3. Bb5 a6 4. Bxc6 dxc6 5. Nxe5 Qd4 6. Nf3 Qxe4+ 7. Qe2 Qxe2+
8. Kxe2 Bg4 9. d3 O-O-O 10. Bg5 Re8+ 11. Kd2 Bxf3 12. gxf3 Bc5 13. Kc3 Bxf2 14.
Nd2 Ne7 15. Ne4 Nd5+ 16. Kd2 1-0

[Event "Challenge"]
[Site "http://www.queenalice.com/game.php?id=435205"]
[Date "2008.7.18"]
[Round "-"]
[White "REUSKING"]
[Black "Deep_Sorrow_13"]
[Result "1-0"]
[WhiteElo "1962"]
[BlackElo "1843"]

1. e4 e5 2. Nf3 Nc6 3. d4 exd4 4. Nxd4 Nf6 5. Nxc6 bxc6 6. e5 Nd5 7. Bc4 Nb6 8.
Bb3 d5 9. O-O Be7 10. Bf4 c5 11. c3 O-O 12. Nd2 d4 13. cxd4 cxd4 14. Nf3 c5 15.
Qd3 a5 16. Bc2 g6 17. Qd2 Bb7 18. Ne1 Qd5 19. f3 Nc4 20. Qf2 Nxe5 21. Be4 Ng4
22. Bxd5 Nxf2 23. Bxb7 Ra7 24. Bd5 1-0

[Event "Challenge"]
[Site "http://www.queenalice.com/game.php?id=435744"]
[Date "2008.7.19"]
[Round "-"]
[White "orinto"]
[Black "Deep_Sorrow_13"]
[Result "0-1"]
[WhiteElo "1874"]
[BlackElo "1877"]

1. d4 e6 2. c4 Nf6 3. Nf3 d5 4. Nc3 c5 5. e3 cxd4 6. Nxd4 Nc6 7. cxd5 Nxd5 8.
Bd2 Nxd4 9. exd4 Be7 10. Be2 Bf6 11. Nxd5 Qxd5 12. Bc3 Qxg2 13. Bf3 Qg5 14. Bd2
Qh4 15. Qb3 Qxd4 16. Bc3 Qb6 17. Qxb6 Bxc3+ 18. bxc3 axb6 19. Ke2 O-O 20. Rhb1
Ra6 21. Rb5 Bd7 22. Rb4 Bc6 23. Bxc6 bxc6 24. c4 Rfa8 25. a4 g6 26. Kd3 Kf8 27.
Kc3 Ke7 28. Kb3 Rd8 29. Kc3 Kd6 30. Rd1+ Kc7 31. Rdb1 Rda8 32. Kb3 c5 33. Rb5
Rxa4 34. Kc3 Ra3+ 35. R5b3 Rxb3+ 36. Kxb3 e5 37. f3 f5 38. Re1 Kd6 39. Re2 Ra1
40. Kb2 Rd1 41. Kc2 Rd4 42. Kc3 e4 43. fxe4 Rxe4 44. Rd2+ Kc7 45. Ra2 Re3+ 46.
Kd2 Rh3 47. Ra7+ Kc6 48. Re7 Rxh2+ 49. Ke3 Rh4 50. Kd3 g5 51. Re6+ Kc7 52. Re7+
Kd6 53. Rb7 Kc6 54. Re7 Rd4+ 55. Kc3 Rd7 56. Re5 Rf7 57. Re6+ Kc7 58. Re5 h5 59.
Kd3 g4 60. Ke3 f4+ 61. Kf2 h4 62. Rh5 h3 63. Rg5 g3+ 64. Kg1 Rd7 65. Kf1 h2 66.
Kg2 Rd2+ 67. Kh1 Rd1+ 0-1

[Event "Challenge"]
[Site "http://www.queenalice.com/game.php?id=436578"]
[Date "2008.7.21"]
[Round "-"]
[White "carver"]
[Black "Deep_Sorrow_13"]
[Result "1-0"]
[WhiteElo "1854"]
[BlackElo "1859"]

1. d4 d5 2. c4 dxc4 3. Nc3 e5 4. dxe5 Qxd1+ 5. Nxd1 Be6 6. e4 Nc6 7. Nf3 Nge7 8.
Ne3 Nb4 9. Bd2 Nd3+ 10. Bxd3 cxd3 11. b3 O-O-O 12. Rc1 Nc6 13. O-O Bg4 14. Nxg4
1-0

[Event "Challenge"]
[Site "http://www.queenalice.com/game.php?id=437502"]
[Date "2008.7.23"]
[Round "-"]
[White "Deep_Sorrow_13"]
[Black "linluciano"]
[Result "1-0"]
[WhiteElo "1856"]
[BlackElo "1743"]

1. e4 e5 2. Nf3 Nc6 3. Bb5 d5 4. exd5 a6 5. dxc6 axb5 6. Nxe5 Qe7 7. Qe2 f6 8.
cxb7 Bxb7 9. Nf3 Qxe2+ 10. Kxe2 Nh6 11. d4 Bd6 12. Re1 O-O 13. Bxh6 gxh6 14.
Nbd2 f5 15. Kf1 Rae8 16. Rxe8 Rxe8 17. Re1 Rd8 18. a3 b4 19. axb4 Bxb4 20. c3
Bd6 21. Nc4 Ba6 22. Nd2 Bxh2 23. g3 c5 24. Kg2 Bxg3 25. Kxg3 cxd4 26. cxd4 Rxd4
27. b3 h5 28. Re6 Rg4+ 29. Kf3 Bb7+ 30. Ke3 Bg2 31. f3 Rg6 32. Rd6 h4 33. Kf2 h3
34. b4 Rg7 35. Rd8+ Kf7 36. Rd7+ Kf6 37. Rxg7 Kxg7 38. b5 Kg6 39. b6 Kg5 40. b7
1-0

[Event "Challenge"]
[Site "http://www.queenalice.com/game.php?id=441095"]
[Date "2008.7.30"]
[Round "-"]
[White "flaviookytsoten"]
[Black "Deep_Sorrow_13"]
[Result "0-1"]
[WhiteElo "1928"]
[BlackElo "1817"]

1. d4 e6 2. e3 b6 3. Nc3 f5 4. Nf3 Bb7 5. Bc4 Nf6 6. Bd2 Nc6 7. Bb5 Bd6 8. Qe2
a6 9. Bc4 b5 10. Bb3 Qe7 11. O-O-O Na5 12. h3 Nxb3+ 13. cxb3 c5 14. Kb1 Rc8 15.
Rc1 c4 16. bxc4 Rxc4 17. b3 Rc8 18. Rhg1 Ba3 19. Rc2 b4 20. Na4 Be4 21. Ne1
Bxc2+ 22. Nxc2 Ne4 23. Nxa3 bxa3 24. f3 Nxd2+ 25. Qxd2 O-O 26. Nc5 Qd6 27. g3
Rxc5 28. Qb4 Rc1+ 0-1

[Event "Challenge"]
[Site "http://www.queenalice.com/game.php?id=445066"]
[Date "2008.8.7"]
[Round "-"]
[White "sunking"]
[Black "Deep_Sorrow_13"]
[Result "0-1"]
[WhiteElo "1800"]
[BlackElo "1837"]

1. c4 e5 2. Nf3 Nc6 3. e4 Nf6 4. d3 Bc5 5. Nc3 d6 6. Nd5 h6 7. Nh4 Nd4 8. Nf5
Nxf5 9. exf5 Bxf5 10. Qa4+ c6 11. Nxf6+ Qxf6 12. b3 e4 13. Be2 Qc3+ 14. Bd2
Qxa1+ 15. Bd1 exd3 16. O-O O-O 17. Re1 Rae8 18. h3 Rxe1+ 19. Bxe1 Qxd1 20. Qa5
Re8 21. Kf1 Re2 22. Kg1 Bxf2+ 23. Kh2 Rxe1 24. Qxf5 Rh1# 0-1

[Event "AUTO-ADV-940"]
[Site "http://www.queenalice.com/game.php?id=459343"]
[Date "2008.9.6"]
[Round "2"]
[White "jsm"]
[Black "Deep_Sorrow_13"]
[Result "1-0"]
[WhiteElo "2184"]
[BlackElo "1882"]

1. e4 c5 2. Nf3 Nc6 3. Bb5 g6 4. Bxc6 dxc6 5. O-O Bg7 6. d3 Bg4 7. Nbd2 Nf6 8.
h3 Be6 9. Re1 Qc7 10. Rb1 Bxa2 11. Ra1 Be6 12. Ng5 Bd7 13. Nf1 Rd8 14. Rxa7 c4
15. Qf3 h6 16. Nxf7 Kxf7 17. e5 cxd3 18. exf6 exf6 19. Qxd3 Be6 20. Qg3 Qb6 21.
Ra3 Rd5 22. Rae3 Re8 23. Nh2 f5 24. Nf3 g5 25. Ne5+ Kg8 26. R3e2 f4 27. Qf3 Bf5
28. Nd3 Rxe2 29. Qxe2 Bxd3 30. cxd3 Rd8 31. h4 Qd4 32. hxg5 hxg5 33. Qe6+ Kh8
34. Qh3+ Kg8 35. Qe6+ Kh7 36. Qf5+ Kg8 37. Qxg5 Qxd3 38. Bxf4 Rd5 39. Re8+ Kf7
40. Re7+ 1-0

[Event "AUTO-ADV-940"]
[Site "http://www.queenalice.com/game.php?id=459344"]
[Date "2008.9.6"]
[Round "2"]
[White "Deep_Sorrow_13"]
[Black "jsm"]
[Result "0-1"]
[WhiteElo "1886"]
[BlackElo "2182"]

1. e4 c5 2. Nf3 d6 3. d4 cxd4 4. Nxd4 a6 5. Bc4 Nc6 6. Be3 e6 7. Bb3 Nf6 8. Nc3
Be7 9. f3 Bd7 10. Qe2 Qc7 11. g4 h6 12. h4 b5 13. O-O-O Nxd4 14. Bxd4 Bc6 15. g5
Nh5 16. g6 fxg6 17. f4 e5 18. fxe5 dxe5 19. Qg4 Nf4 20. Be3 Bd7 21. Qg3 Qxc3 22.
Bxf4 Qxg3 23. Bxg3 Bf6 24. Rd6 Bg4 25. Rh2 Ke7 26. Rhd2 Rhd8 27. Rb6 g5 28. Rb7+
Rd7 29. Rdxd7+ Bxd7 30. hxg5 Bxg5+ 31. Kd1 Bf6 32. Bd5 Rd8 33. Ra7 Ke8 34. Rxa6
h5 35. Ke2 Rc8 36. c3 b4 37. c4 Rb8 38. c5 Bb5+ 0-1

[Event "AUTO-ADV-940"]
[Site "http://www.queenalice.com/game.php?id=459347"]
[Date "2008.9.6"]
[Round "2"]
[White "Deep_Sorrow_13"]
[Black "flodur"]
[Result "0-1"]
[WhiteElo "1879"]
[BlackElo "2205"]

1. e4 c5 2. Nf3 Nc6 3. d4 cxd4 4. Nxd4 Nf6 5. Nc3 e5 6. Nf3 Bb4 7. Bg5 Bxc3+ 8.
bxc3 Qa5 9. Qd3 Nxe4 10. Bd2 Nxd2 11. Nxd2 d5 12. Be2 Be6 13. Nb3 Qc7 14. O-O
O-O 15. f4 exf4 16. Qd2 Ne5 17. Rxf4 Rac8 18. Re1 Qxc3 19. Qxc3 Rxc3 0-1

[Event "AUTO-ADV-940"]
[Site "http://www.queenalice.com/game.php?id=459348"]
[Date "2008.9.6"]
[Round "2"]
[White "flodur"]
[Black "Deep_Sorrow_13"]
[Result "1-0"]
[WhiteElo "2123"]
[BlackElo "1893"]

1. e4 c5 2. d4 cxd4 3. c3 dxc3 4. Nxc3 d6 5. Nf3 Nc6 6. Bc4 Nf6 7. e5 dxe5 8.
Qxd8+ Kxd8 9. Ng5 Nd4 10. Nxf7+ Kc7 11. O-O Rg8 12. Nxe5 Rh8 13. Bf4 Kb6 14. Be3
1-0

[Event "Challenge"]
[Site "http://www.queenalice.com/game.php?id=468219"]
[Date "2008.9.25"]
[Round "-"]
[White "linluciano"]
[Black "Deep_Sorrow_13"]
[Result "1-0"]
[WhiteElo "1733"]
[BlackElo "1902"]

1. e4 c5 2. c4 Nc6 3. Nf3 Qb6 4. Nc3 e6 5. g3 g6 6. Bg2 Bg7 7. O-O Nge7 8. Na4
Qa6 9. d3 O-O 10. Nxc5 Qb6 11. d4 Nxd4 12. Na4 Nxf3+ 13. Bxf3 Qc7 14. c5 b5 15.
Qd6 Qxd6 16. cxd6 Nc6 17. Nc5 Bd4 18. Nb3 Bb6 19. a4 bxa4 20. Rxa4 Ne5 21. Bg2
Bb7 22. Be3 Bxe3 23. fxe3 Rfc8 24. Rc1 Nd3 25. Rxc8+ Bxc8 26. e5 Rb8 27. Rxa7
Rxb3 28. Ra8 Rxb2 29. Rxc8+ Kg7 30. h4 Nxe5 31. e4 h5 32. Rc7 Rd2 33. Rc5 Kf6
34. Rc3 Rxd6 35. Kf2 Rd2+ 36. Kf1 Rd3 37. Rxd3 Nxd3 38. Ke2 1-0

[Event "Challenge"]
[Site "http://www.queenalice.com/game.php?id=477673"]
[Date "2008.10.15"]
[Round "-"]
[White "Deep_Sorrow_13"]
[Black "flaviookytsoten"]
[Result "1-0"]
[WhiteElo "1887"]
[BlackElo "1866"]

1. e4 e5 2. Nf3 d6 3. d4 exd4 4. Qxd4 Nc6 5. Bb5 Bd7 6. Bxc6 Bxc6 7. c4 Nf6 8.
Nc3 Qd7 9. Bg5 Be7 10. b4 O-O 11. b5 Bxe4 12. Nxe4 Nxe4 13. Bxe7 Qxe7 14. O-O
Nc5 15. Rfe1 Qd8 16. Re3 Re8 17. Rae1 Rxe3 18. Qxe3 h6 19. Nd4 Qf6 20. g4 Qg6
21. h3 Nd3 22. Nf5 Qe6 23. Qxe6 fxe6 24. Rxe6 Nf4 25. Re7 Nxh3+ 26. Kg2 Nf4+ 27.
Kg3 Ne2+ 28. Rxe2 Rf8 29. Re7 Rf7 30. Re8+ Rf8 31. Ne7+ Kf7 32. Rxf8+ Kxf8 33.
Nf5 Kf7 34. Kf4 Kf6 35. Ne3 c6 36. Ke4 g6 37. f4 Ke6 38. f5+ gxf5+ 39. Nxf5 cxb5
40. cxb5 a6 41. bxa6 bxa6 42. Nxh6 1-0